BIOLOGICAL DRUG PRODUCTS (Record no. 27014)

MARC details
000 -LEADER
fixed length control field 00345nam a22001577a 4500
003 - CONTROL NUMBER IDENTIFIER
control field SGT
020 ## - INTERNATIONAL STANDARD BOOK NUMBER
International Standard Book Number 9788126577606
082 ## - DEWEY DECIMAL CLASSIFICATION NUMBER
Classification number 615
Item number B14W
100 ## - MAIN ENTRY--PERSONAL NAME
Personal name WANG,WEI,ed.
245 ## - TITLE STATEMENT
Title BIOLOGICAL DRUG PRODUCTS
260 ## - PUBLICATION, DISTRIBUTION, ETC. (IMPRINT)
Place of publication, distribution, etc NEW JERSEY
Name of publisher, distributor, etc WILEY
Year of Publication 2014
300 ## - PAGE DESCRIPTION
No. of Pages 728
650 ## - SUBJECT ADDED ENTRY--TOPICAL TERM
Topical term or geographic name as entry element DRUG
653 ## - KEYWORDS--INDEX TERM
Keyword term BIOLOGICAL, DRUG, PRODUCTS
942 ## - ADDED ENTRY ELEMENTS (KOHA)
Source of classification or shelving scheme Dewey Decimal Classification
Koha item type Books
Holdings
Withdrawn status Lost status Source of classification or shelving scheme Damaged status Use restrictions Not for loan Collection code Home library Current library Shelving location Date acquired Vendor Name Cost, normal purchase price SGTU Bill Number Total Checkouts Full call number Accession No. (Barcode) Date last seen Bill Date Koha item type
    Dewey Decimal Classification   Restricted Access   PHARMACY SGT FA-FP Library SGT FA-FP Library Reference Book 28/09/2024 AHUJA PUB. 5995.00 SGTU 19381   615 B14W FP5082 28/09/2024 13/08/2024 Books
    Dewey Decimal Classification   Restricted Access   PHARMACY SGT FA-FP Library SGT FA-FP Library Reference Book 28/09/2024 AHUJA PUB. 5995.00 SGTU 19381   615 B14W FP5083 28/09/2024 13/08/2024 Books